Sebastian Stan - All Movies - Statistics

General Stats
  • This quiz has been taken 46 times
  • The average score is 16 of 37
Answer Stats
Year Movie % Correct
2016 Captain America: Civil War
100%
2011 Captain America: The First Avenger
100%
2014 Captain America: The Winter Soldier
100%
2025 Thunderbolts*
92%
2019 Avengers: Endgame
88%
2018 Avengers: Infinity War
88%
2024 The Apprentice
72%
2022 Fresh
68%
2024 A Different Man
48%
2017 I, Tonya
48%
2022 The 355
48%
2010 Black Swan
44%
2020 Monday
44%
2015 The Bronze
44%
2015 The Martian
44%
2010 Hot Tub Time Machine
36%
2023 Sharper
36%
2006 The Covenant
36%
2020 The Devil All the Time
36%
2019 Endings, Beginnings
32%
2012 Gone
32%
2017 I'm Not Here
32%
2018 Destroyer
28%
2017 Logan Lucky
28%
2012 The Apparition
28%
2006 The Architect
28%
2019 The Last Full Measure
28%
2018 We Have Always Lived in the Castle
28%
2023 Dumb Money
24%
2005 Red Doors
24%
2015 Ricki and the Flash
24%
2009 Spread
24%
2007 The Education of Charlie Banks
24%
2023 Ghosted
20%
2008 Rachel Getting Married
20%
2004 Tony & Tina's Wedding
20%
2018 Joseph Pulitzer: Voice of the People
0%
No matching quizzes found
Score Distribution
Percent of People with Each Score
Percentile by Number Answered
Your Score History
You have not taken this quiz